Amphiphilic elastomer consisted of butyl rubber and poly (ethylene oxide) (Record no. 54079)

MARC details
000 -LEADER
fixed length control field 00458nam a2200145Ia 4500
100 ## - MAIN ENTRY--AUTHOR NAME
Personal name Sadamitsu K
245 #0 - TITLE STATEMENT
Title Amphiphilic elastomer consisted of butyl rubber and poly (ethylene oxide)
260 ## - PUBLICATION, DISTRIBUTION, ETC. (IMPRINT)
Name of publisher Proceedings of the International Rubber Conference, Kobe, Japan, 1995; p263-266
650 ## - SUBJECT ADDED ENTRY--TOPICAL TERM
Topical Term Amphiphilic elastomer
650 ## - SUBJECT ADDED ENTRY--TOPICAL TERM
Topical Term Butyl rubber
700 ## - ADDED ENTRY--PERSONAL NAME
Personal name Ikeda Y
700 ## - ADDED ENTRY--PERSONAL NAME
Personal name Kohjiya S
942 ## - ADDED ENTRY ELEMENTS (KOHA)
Koha item type Journals
Holdings
Withdrawn status Lost status Damaged status Not for loan Home library Current library Shelving location Date acquired Koha item type
      Journals RRII Library RRII Library Rubber chemistry 17/12/2021 Journals